000
00263nam a22001097a 4500
005
20251013110904.0
008
251013b |||||||| |||| 00| 0 eng d
040
_c
PK-LaNCA
082
_a
720.92
_b
MEM
245
_a
Memoirs of an architect: biography
942
_c
BK
999
_c
66996
_d
66996